• 首页
  • 本馆介绍
  • 公告通知
  • 最新文献
  • 馆藏检索
  • 电子资源
  • 读者导购
  • 参考咨询
  • 我的图书馆
  • 登录
  • 详细信息显示
  • 放入我的书架
  • 预约/预借图书
  • 作者相关作品
  • 分类相关作品
  • 丛书相关作品
  • 出版社相关作品

书目信息

  • 表格格式
  • 工作单格式
  • 卡片格式
题名:
水文情报预报
    
 
作者: 黄红虎 主编 ;中国 组织编写
分册:  
出版信息: 北京   中国水利水电出版社  2017
页数: 235页
开本: 26cm
丛书名: 全国水文勘测技能培训系列教材
单 册:
中图分类: P338
科图分类:
主题词: 水文预报--shui wen yu bao--技术培训--教材
电子资源:
ISBN: 978-7-5170-5928-8
000 00949nam 2200277 450
001 012001003394
005 20140130140932.0
010    @a978-7-5170-5928-8@dCNY28.00
099    @aCAL 012018115471
100    @a20180915d2017 em y0chiy50 ea
101 0  @achi
102    @aCN@b110000
105    @aak ao 000yy
106    @ar
200 1  @a水文情报预报@Ashui wen qing bao yu bao@f水利部水文局组织编写@g黄红虎主编
210    @a北京@c中国水利水电出版社@d2017
215    @a235页@c图@d26cm
225 2  @a全国水文勘测技能培训系列教材@Aquan guo shui wen kan ce ji neng pei xun xi lie jiao cai
320    @a有书目 (第235页)
410  0 @12001 @a全国水文勘测技能培训系列教材
606 0  @a水文预报@Ashui wen yu bao@x技术培训@j教材
690    @aP338@v5
701  0 @a黄红虎@Ahuang hong hu@4主编
712 01 @a中国@Azhong guo@b水利部@Bshui li bu@b水文局@Bshui wen ju@4组织编写
801  0 @aCN@b北京卓展@c20191020
905    @b1211475-8@dP338@e159@f4
    
    水文情报预报/水利部水文局组织编写/黄红虎主编.-北京:中国水利水电出版社,2017
    235页:图;26cm.-(全国水文勘测技能培训系列教材)
    
    
    ISBN 978-7-5170-5928-8:CNY28.00
    
●
相关链接 在E读中查询图书 在五车中查询图书 在当当中查询图书 在豆瓣中查询图书


正题名:水文情报预报     索取号:P338/159         预约/预借

序号 登录号 条形码 馆藏地/架位号 状态 备注
1 1211475   212114754   第二样本阅览室/ [索取号:P338/159] 在馆    
2 1211476   212114763   第三借阅区/ [索取号:P338/159] 在馆    
3 1211477   212114772   第三借阅区/ [索取号:P338/159] 在馆    
4 1211478   212114781   第三借阅区/ [索取号:P338/159] 在馆    
唐山师范学院图书馆 欢迎您!
大连网信软件有限公司© 版权所有